[Event "EWCCC Online Preliminary-D 2020"]
[Site "Online"]
[Date "2020.12.19"]
[Round "5.3"]
[White "Narva, Mai"]
[Black "Jose Polanco, Kenia"]
[Result "1-0"]
[WhiteElo "2276"]
[BlackElo "1828"]
[Annotator "RC"]
[PlyCount "67"]
[EventDate "2020.12.19"]
[EventType "team-tourn"]
[EventCountry "NET"]
[SourceTitle "playchess.com"]
[Source "ChessBase"]
[SourceQuality "1"]
[TimeControl "900+5"]

1. e4 {[%emt 0:00:03]} c5 {[%emt 0:02:01]} 2. Nf3 {[%emt 0:00:03]} g6 {[%emt 0:00:05]} 3. c4 {[%emt 0:00:08]} Bg7 {[%emt 0:00:06]} 4. d4 {[%emt 0:00:04]} cxd4 {[%emt 0:00:04]} 5. Nxd4 {[%emt 0:00:02]} Nc6 {[%emt 0:00:05]} 6. Be3 {[%emt 0:00:18]} Nf6 {[%emt 0:00:22]} 7. Nc3 {[%emt 0:00:29]} Ng4 {[%emt 0:00:45]} 8. Qxg4 {[%emt 0:00:02]} Nxd4 {[%emt 0:00:39]} 9. Qd1 {[%emt 0:00:06]} e5 {[%emt 0:00:45]} 10. Be2 {[%emt 0:00:47]} O-O {[%emt 0:00:11]} 11. O-O {[%emt 0:00:03]} d6 {[%emt 0:00:02]} 12. Qd2 {[%emt 0:00:28]} f5 {[%emt 0:00:30]} 13. exf5 {[%emt 0:00:50]} Bxf5 {[%emt 0:01:03]} 14. Bxd4 {[%emt 0:00:26]} exd4 {[%emt 0:00:05]} 15. Nb5 {[%emt 0:00:07]} Qb6 {[%emt 0:00:50]} 16. Rad1 {[%emt 0:00:21]} Rae8 {[%emt 0:00:52]} 17. Bf3 {[%emt 0:05:23]} Be4 {[%emt 0:00:36]} 18. Bg4 {[%emt 0:00:07]} Qc6 {[%emt 0:03:25]} 19. f3 {[%emt 0:01:09]} Bf5 {[%emt 0:00:50]} 20. Bxf5 {[%emt 0:00:27]} Rxf5 {[%emt 0:00:12]} 21. Nxd4 {[%emt 0:00:16]} Qb6 {[%emt 0:00:40]} 22. Rf2 {[%emt 0:01:48]} Rh5 {[%emt 0:01:02]} 23. Nb5 {[%emt 0:00:27]} d5 {[%emt 0:00:29]} 24. Qd3 {[%emt 0:01:18]} dxc4 {[%emt 0:00:21]} 25. Qxc4+ {[%emt 0:00:04]} Kh8 {[%emt 0:00:02]} 26. Nd6 {[%emt 0:00:12]} Rf8 {[%emt 0:00:32]} 27. Nf7+ {[%emt 0:00:12]} Rxf7 {[%emt 0:00:28]} 28. Qxf7 {[%emt 0:00:01]} Rf5 {[%emt 0:00:05]} 29. Qd7 {[%emt 0:00:16]} Rf8 {[%emt 0:00:06]} 30. Qd6 {[%emt 0:00:14]} Qb5 {[%emt 0:00:07]} 31. Rc2 {[%emt 0:00:09]} Qa4 {[%emt 0:00:03]} 32. b3 {[%emt 0:00:06]} Qa5 {[%emt 0:00:07]} 33. Rc7 {[%emt 0:00:11]} Be5 {[%emt 0:00:04]} 34. Qxf8# {[%emt 0:00:02]} 1-0

[Event "EWCCC Online Preliminary-D 2020"]
[Site "Online"]
[Date "2020.12.19"]
[Round "5.3"]
[White "Narva, Triin"]
[Black "Rubsamen, Anais"]
[Result "1-0"]
[WhiteElo "2100"]
[BlackElo "1692"]
[Annotator "TA"]
[PlyCount "75"]
[EventDate "2020.12.19"]
[EventType "team-tourn"]
[EventCountry "NET"]
[SourceTitle "playchess.com"]
[Source "ChessBase"]
[SourceQuality "1"]

{[%evp 14,74,64,59,100,11,100,25,166,25,25,25,31,28,35,11,70,9,37,0,37,28,41,13,97,61,79,73,100,112,164,120,114,86,106,37,37,1,63,72,79,79,62,66,57,61,331,323,29989,29990,29990,29991,29997,29996,29996,29997,29997,29998,29998,29998,29998,29999,29999]} 1. e4 g6 2. d4 Bg7 3. f4 c6 4. Nc3 d5 5. e5 Nh6 6. Nf3 Bg4 7. h3 Bxf3 8. Qxf3 ({Much worse is} 8. gxf3 Nf5 $15) 8... Nf5 {B15: Caro-Kann: 3 Nc3: 3...g6 and 3...dxe4 4 Nxe4 Nf6 5 Nxf6+ exf6.} 9. Be3 {[#]} ({White should try} 9. Ne2 $1 $16) 9... Qb6 $146 {[#]} (9... c5 $11 {keeps the balance.} 10. Nxd5 e6) ({Predecessor:} 9... Nxe3 10. Qxe3 O-O 11. O-O-O f6 12. g4 fxe5 13. dxe5 Qb6 14. Qg3 g5 15. fxg5 Nd7 16. e6 {1-0 (36) Vidal Zamora,A (2365)-Valencia Jimenez,J (2162) Barcelona 2017}) 10. O-O-O (10. Bf2 $1 $16) 10... Nd7 {[#]} (10... Nxe3 $11 11. Qxe3 Nd7) 11. g4 (11. Bf2 $1 $18) 11... Nxe3 $11 12. Qxe3 e6 13. Kb1 O-O-O 14. Be2 Rde8 (14... Kb8 $11) 15. Qd3 (15. h4 $14) 15... f6 {[%cal Rf6e5]} 16. Rhf1 Rhf8 17. h4 Kb8 18. h5 f5 (18... fxe5 $11 {remains equal.} 19. dxe5 (19. fxe5 c5 $11) 19... Nc5) 19. g5 Rh8 20. Rh1 c5 21. Na4 Qc7 (21... Qc6 $16) 22. Nxc5 Nxc5 23. dxc5 Qxc5 24. Qb3 (24. c4 $16) 24... Rc8 $14 25. Rh3 Qf2 ({Better is} 25... h6 $11) 26. Ba6 {[%csl Ga6][%cal Rb3b7]} Rc7 27. h6 Bf8 28. Rf3 Qc5 29. a3 $40 {[%mdl 128] White attacks.} Ka8 $2 {[%mdl 8192]} (29... Qc6 $14 30. Bb5 Qb6) 30. Rc3 $18 Qe7 $2 {[#]} (30... Qxc3 $18 31. bxc3 bxa6) 31. Bxb7+ $1 {[%mdl 512] White mates.} Kb8 (31... Rxb7 32. Rc8+) 32. Bxd5+ Kc8 33. Bxe6+ Qxe6 34. Qxe6+ Kb8 35. Rd8+ Kb7 36. Rxc7+ Kxc7 37. Rd7+ Kc8 38. Qe8# {Weighted Error Value: White=0.33/Black=0.65} 1-0

[Event "EWCCC Online Preliminary-D 2020"]
[Site "Online"]
[Date "2020.12.19"]
[Round "5.3"]
[White "Berezovska, Svetlana"]
[Black "Olde, Margareth"]
[Result "0-1"]
[WhiteElo "1793"]
[BlackElo "2233"]
[Annotator "RC"]
[PlyCount "114"]
[EventDate "2020.12.19"]
[EventType "team-tourn"]
[EventCountry "NET"]
[SourceTitle "playchess.com"]
[Source "ChessBase"]
[SourceQuality "1"]
[TimeControl "900+5"]

1. e4 {[%emt 0:00:00]} d6 {[%emt 0:00:04]} 2. d4 {[%emt 0:00:05]} Nf6 {[%emt 0:00:03]} 3. Nc3 {[%emt 0:00:05]} e5 {[%emt 0:00:01]} 4. dxe5 {[%emt 0:00:26]} dxe5 {[%emt 0:00:04]} 5. Qxd8+ {[%emt 0:00:04]} Kxd8 {[%emt 0:00:02]} 6. Bc4 {[%emt 0:00:17]} Ke8 {[%emt 0:00:02]} 7. Nf3 {[%emt 0:00:05]} Bd6 {[%emt 0:00:05]} 8. O-O {[%emt 0:00:21]} Be6 {[%emt 0:01:30]} 9. Bxe6 {[%emt 0:02:43]} fxe6 {[%emt 0:00:05]} 10. h3 {[%emt 0:01:40]} a6 {[%emt 0:00:11]} 11. Be3 {[%emt 0:00:28]} Nc6 {[%emt 0:00:16]} 12. a3 {[%emt 0:00:08]} h6 {[%emt 0:01:10]} 13. Rad1 {[%emt 0:00:12]} g5 {[%emt 0:00:34]} 14. Rd3 {[%emt 0:01:37]} Ke7 {[%emt 0:00:41]} 15. Rfd1 {[%emt 0:00:17]} b5 {[%emt 0:02:36]} 16. Bc1 {[%emt 0:03:37]} Rab8 {[%emt 0:03:24]} 17. Re3 {[%emt 0:01:48]} Nd4 {[%emt 0:03:03]} 18. Ne1 {[%emt 0:00:45]} g4 {[%emt 0:00:52]} 19. h4 {[%emt 0:00:25]} a5 {[%emt 0:01:27]} 20. Ne2 {[%emt 0:01:05]} Bc5 {[%emt 0:00:17]} 21. Nxd4 {[%emt 0:00:07]} Bxd4 {[%emt 0:00:05]} 22. Re2 {[%emt 0:00:05]} g3 {[%emt 0:00:01]} 23. Nd3 {[%emt 0:00:09]} gxf2+ {[%emt 0:00:03]} 24. Nxf2 {[%emt 0:00:04]} Rbf8 {[%emt 0:00:07]} 25. Rf1 {[%emt 0:00:15]} Ng4 {[%emt 0:00:05]} 26. c3 {[%emt 0:00:05]} Bxf2+ {[%emt 0:00:03]} 27. Rexf2 {[%emt 0:00:02]} Nxf2 {[%emt 0:00:02]} 28. Rxf2 {[%emt 0:00:05]} Rxf2 {[%emt 0:00:01]} 29. Kxf2 {[%emt 0:00:02]} h5 {[%emt 0:00:03]} 30. Bg5+ {[%emt 0:00:05]} Kf7 {[%emt 0:00:07]} 31. Ke3 {[%emt 0:00:05]} Kg6 {[%emt 0:00:04]} 32. Kd3 {[%emt 0:00:10]} Rh7 {[%emt 0:00:06]} 33. Ke3 {[%emt 0:00:12]} Rf7 {[%emt 0:00:07]} 34. Ke2 {[%emt 0:00:05]} c5 {[%emt 0:00:05]} 35. Ke3 {[%emt 0:00:04]} Rf1 {[%emt 0:00:05]} 36. b4 {[%emt 0:00:11]} axb4 {[%emt 0:00:04]} 37. axb4 {[%emt 0:00:02]} cxb4 {[%emt 0:00:05]} 38. cxb4 {[%emt 0:00:02]} Rb1 {[%emt 0:00:04]} 39. Be7 {[%emt 0:00:03]} Rb3+ {[%emt 0:00:05]} 40. Ke2 {[%emt 0:00:03]} Kf7 {[%emt 0:00:04]} 41. Bd6 {[%emt 0:00:04]} Ke8 {[%emt 0:00:13]} 42. Bc5 {[%emt 0:00:05]} Kd7 {[%emt 0:00:03]} 43. Bf8 {[%emt 0:00:03]} Rc3 {[%emt 0:00:17]} 44. Bc5 {[%emt 0:00:07]} Rb3 {[%emt 0:00:03]} 45. Bf8 {[%emt 0:00:03]} Rg3 {[%emt 0:00:02]} 46. Kf2 {[%emt 0:00:03]} Rg4 {[%emt 0:00:02]} 47. Kf3 {[%emt 0:00:05]} Rxh4 {[%emt 0:00:03]} 48. Bg7 {[%emt 0:00:02]} Rf4+ {[%emt 0:00:04]} 49. Ke3 {[%emt 0:00:02]} Rg4 {[%emt 0:00:07]} 50. Bxe5 {[%emt 0:00:05]} Rxg2 {[%emt 0:00:01]} 51. Kf3 {[%emt 0:00:02]} Rg1 {[%emt 0:00:04]} 52. Kf2 {[%emt 0:00:07]} Rb1 {[%emt 0:00:05]} 53. Bc3 {[%emt 0:00:05]} Rb3 {[%emt 0:00:04]} 54. Be1 {[%emt 0:00:05]} Kd6 {[%emt 0:00:07]} 55. Ke2 {[%emt 0:00:09]} Ke5 {[%emt 0:00:05]} 56. Kd2 {[%emt 0:00:02]} Kxe4 {[%emt 0:00:03]} 57. Kc2 {[%emt 0:00:02]} Rf3 {[%emt 0:00:04]} 0-1

[Event "EWCCC Online Preliminary-D 2020"]
[Site "Online"]
[Date "2020.12.19"]
[Round "5.3"]
[White "Berezovsky, Fiorina"]
[Black "Olde, Grete"]
[Result "0-1"]
[WhiteElo "1665"]
[BlackElo "1915"]
[Annotator "TA"]
[PlyCount "48"]
[EventDate "2020.12.19"]
[EventType "team-tourn"]
[EventCountry "NET"]
[SourceTitle "playchess.com"]
[Source "ChessBase"]
[SourceQuality "1"]

{[%evp 13,47,0,0,-10,-16,-53,-53,-104,-89,-228,-226,-222,-230,-396,-398,-469,-473,-499,-499,-686,-672,-602,-591,-885,-882,-873,-864,-29982,-29983,-6208,-3082,-29996,-29997,-29998,-29999,-29999]} 1. d4 d5 2. Nf3 Nf6 3. e3 e6 4. c4 Be7 5. Be2 O-O 6. O-O b6 7. Nc3 Bb7 8. Ne5 {E14: Queen's Indian: Classical Variation (4 e3).} c5 9. f4 Nc6 {[%cal Bb8c6,Bc6d4,Bd4f5][%mdl 32] [#]} 10. Bd3 $146 (10. cxd5 $15 exd5 11. Bb5) ({Predecessor:} 10. Bf3 cxd4 11. exd4 Nxd4 12. Be3 Nxf3+ 13. Qxf3 Qc8 14. cxd5 Nxd5 15. Nxd5 Bxd5 16. Qg3 {0-1 (48) Horkai,A (2169)-Kalyinka,R (2071) Hungary 2005}) 10... Rc8 11. g4 (11. cxd5 $17 Nxd5 12. Be2 (12. Qh5 g6 $17)) 11... cxd4 12. exd4 Nxd4 13. g5 $2 (13. Be3 dxc4 {[#]} 14. Bxh7+ $1 {[%mdl 512]} Nxh7 15. Bxd4) 13... Ne4 $19 14. Qh5 Nf5 15. Rf3 g6 16. Qg4 Nxc3 17. bxc3 dxc4 18. Bxf5 {intending Bc2.} Qd1+ {[%mdl 64] [#] Double Attack, Zwischenzug} 19. Kf2 exf5 20. Qh4 Bxf3 21. Nxf3 Bc5+ 22. Kg2 Qe2+ {Black mates.} 23. Kh3 Qf1+ 24. Kg3 Bf2# {[%mdl 64] Skewer. White did not feel at home in the position after the opening.  Weighted Error Value: White=1.65/Black=0.01} 0-1

[Event "EWCCC Online Preliminary-D 2020"]
[Site "Online"]
[Date "2020.12.19"]
[Round "5.4"]
[White "Tsirulnik, Maritsa"]
[Black "Esadze, Tamari"]
[Result "0-1"]
[WhiteElo "2139"]
[BlackElo "1889"]
[Annotator "TA"]
[PlyCount "86"]
[EventDate "2020.12.19"]
[EventType "team-tourn"]
[EventCountry "NET"]
[SourceTitle "playchess.com"]
[Source "ChessBase"]
[SourceQuality "1"]

{[%evp 14,86,37,29,41,0,23,20,44,22,29,0,7,7,17,2,9,-4,0,0,-5,-22,-15,-48,-21,-20,-24,-27,-25,-23,-14,-12,0,0,11,0,27,0,0,0,0,7,7,3,23,4,0,0,26,30,29,12,15,26,63,0,0,0,0,-41,-10,-105,-39,-60,0,-410,-400,-837,-839,-963,-956,-923,-919,-868,-861]} 1. d4 d5 2. c4 e6 3. g3 Nf6 4. Bg2 dxc4 5. Qa4+ Bd7 6. Qxc4 Bc6 7. Nf3 Nbd7 8. O-O Be7 {E02: Open Catalan: 5 Qa4+.} 9. Qc2 O-O (9... Be4 $5 {[%cal Re4c2]} 10. Qd1 c5 $11) 10. Nc3 Bb4 {The position is equal.} 11. a3 Bxc3 12. bxc3 {[#]} h6 $146 ({Predecessor:} 12... Be4 13. Qa2 c5 14. Bf4 Qa5 15. Rac1 Rac8 16. Rfd1 Rfd8 17. Qb2 Nb6 18. Bg5 Nbd7 19. Ne5 Bxg2 20. Kxg2 b6 21. Nxd7 Rxd7 22. Bxf6 gxf6 23. e3 Qa4 {½-½ (23) Rogge,R (1863)-Hebel,E (1910) GER email 2011}) 13. a4 Re8 14. c4 Be4 15. Qb3 c5 16. e3 Qc7 17. Bb2 Qc6 18. Ne1 Bxg2 19. Nxg2 Rac8 20. Rac1 Ne4 21. d5 exd5 22. cxd5 Qb6 23. Qc2 c4 24. Bd4 Qa5 25. f3 Nd6 $1 26. e4 b5 27. axb5 Nxb5 28. Be3 $36 {[%mdl 2048] White has some pressure.} Ne5 {[%cal Bd7e5,Be5c4,Bc4b2][%mdl 32]} 29. Nh4 c3 30. Ra1 Qc7 31. Nf5 Nc4 32. Bf4 Qc5+ 33. Qf2 Qxf2+ 34. Rxf2 (34. Kxf2 $14 h5 35. Rg1) 34... Nb2 $11 35. Rc2 Nd3 $1 36. Bc1 Nb4 37. Re2 {[#]} (37. Rf2 $1 $11 {remains equal.}) 37... Kh7 (37... Nxd5 $1 $17 {[%mdl 512] White must now prevent ...Nb4.} 38. Ra5 (38. exd5 Rxe2) 38... Rb8) 38. Ra5 Rb8 (38... a6 $15 39. Re3 Ra8) 39. Rxb5 $4 {[%mdl 8192]} (39. Kf1 $1 $11 {and White stays safe.}) 39... Rxb5 $19 40. Nd6 {[#]} (40. Nd4 $142 Rc5 41. Kf2) 40... Rxd5 $1 {[%mdl 512] Black is clearly winning.} 41. Nxe8 (41. exd5 Rxe2) 41... Rd1+ {[%mdl 64] Double Attack} 42. Kf2 Rxc1 43. Nd6 c2 {Weighted Error Value: White=0.41/Black=0.13} 0-1

[Event "EWCCC Online Preliminary-D 2020"]
[Site "Online"]
[Date "2020.12.19"]
[Round "5.4"]
[White "Pipia, Ekaterine"]
[Black "Mashchenko, Tamila"]
[Result "1-0"]
[WhiteElo "2019"]
[BlackElo "1768"]
[Annotator "TA"]
[PlyCount "121"]
[EventDate "2020.12.19"]
[EventType "team-tourn"]
[EventCountry "NET"]
[SourceTitle "playchess.com"]
[Source "ChessBase"]
[SourceQuality "1"]

{[%evp 12,120,11,0,29,0,8,-24,20,-34,-36,-43,-28,-27,-25,-14,-4,-22,-20,-82,-61,-76,-61,-46,-77,-164,-142,-183,-177,-186,-181,-183,-189,-247,-229,-279,-83,-75,-75,-77,-70,-80,-75,-69,16,27,40,-15,-14,-62,-47,-155,-159,-155,-135,-330,-324,-291,-227,-219,-114,-127,0,0,0,0,0,0,12,16,21,22,22,22,23,24,47,39,130,132,114,76,64,59,187,177,185,159,151,60,12838,12838,12839,12839,12839,10377,12847,12847,29996,12846,29997,29998,29998,12849,12850,12850,12850,29998,12851,29999,29999]} 1. Nf3 c5 2. c4 Nc6 3. Nc3 g6 4. g3 Bg7 5. Bg2 e5 6. d3 Nge7 7. O-O a6 {A37: Symmetrical English vs ...g6: 4 Bg2 Bg7 5 Nf3.} 8. Bg5 {[#]} O-O $146 ({Predecessor:} 8... h6 9. Ne4 d6 10. Bf6 O-O 11. Nh4 Bxf6 12. Nxf6+ Kg7 13. Nd5 Nxd5 14. Bxd5 Bh3 15. Ng2 {½-½ (27) Jobe,T-De Vathaire,M IECC email 1997}) 9. Nd2 h6 {Black has an edge.} 10. Be3 (10. Bxe7 $11 Nxe7 11. Rb1) 10... d6 $15 11. Nd5 Rb8 12. a4 Be6 13. Nb1 b5 14. axb5 axb5 15. Qc1 (15. Nbc3 $11 {keeps the balance.}) 15... Kh7 16. Nbc3 bxc4 $1 17. dxc4 Nd4 18. Bxd4 (18. Nxe7 $17 Qxe7 19. Bxd4 exd4 20. Nb5) 18... cxd4 19. Ne4 f5 ({Don't play} 19... Nxd5 20. cxd5 Bxd5 21. Nf6+ Bxf6 22. Bxd5 $17) 20. Nd2 e4 21. Nf4 Bf7 22. Ra7 (22. h4 $142) 22... g5 $19 23. Nh3 Nc6 $2 (23... Kh8 $19 {White must now prevent ...Bh5.} 24. Ra6 Rb6) 24. Rxf7 $17 Rxf7 25. Nxe4 fxe4 26. Bxe4+ Kh8 $1 27. Bxc6 Rc7 (27... Re7 $15 28. Qc2 Qc8) 28. Bd5 $11 Qe7 29. f4 (29. Re1 $14) 29... Qxe2 {Threatens to win with ...d3.} 30. fxg5 (30. Re1 $5 {[%cal Re1e2]} Qh5 31. Nf2 $15) 30... Qe3+ $1 31. Kh1 (31. Qxe3 $15 dxe3 32. gxh6 Bxh6 33. Rb1) 31... Qxc1 $17 32. Rxc1 Rxb2 33. Nf4 $2 (33. Ra1 $17 Rc8 34. Nf4) 33... hxg5 $19 34. Ne6 Rc8 35. Nxg5 Rf8 ({Better is} 35... Re8 $1 $19 {Strongly threatening ...Ree2.} 36. Nf7+ Kh7 37. Ng5+ Kh6 38. Nf7+ Kg6 39. Nxd6 Ree2 40. Be4+ Kf6) 36. Nf7+ $17 Rxf7 (36... Kh7 $17 {And now ...Kg6 would win.} 37. Re1 d3) 37. Bxf7 {[%mdl 4096] Endgame KRB-KRB} d3 38. Bh5 d2 39. Rd1 Bc3 40. Kg2 Rc2 41. Be2 Kg7 42. Kf3 Rc1 43. h4 Kf6 44. Ke4 Bb4 (44... Be5 $14) 45. g4 $16 Bc3 46. g5+ Kg6 47. Kf4 Be5+ {[#]} ({Black should try} 47... Bb4 $14) 48. Kg4 $1 $18 Bc3 49. h5+ Kh7 {[#]} 50. Kf5 (50. Kf4 $1 $16) 50... Rxd1 $4 {[%mdl 8192]} (50... Ba5 $14 51. Kg4 Bc3) 51. Bxd1 $14 {KB-KB} Bd4 52. h6 Be3 53. Kf6 Bd4+ 54. Kf7 Be5 55. Bc2+ Kh8 56. g6 d1=Q 57. Bxd1 (57. g7+ $142 Bxg7 58. hxg7# (58. Bxd1 Bxh6 59. Bc2 Be3 $11)) 57... Bd4 58. g7+ Bxg7 59. hxg7+ Kh7 60. g8=Q+ Kh6 61. Qg6# {Both players deserved the win here.  Weighted Error Value: White=0.26/Black=0.37} 1-0

[Event "EWCCC Online Preliminary-D 2020"]
[Site "Online"]
[Date "2020.12.19"]
[Round "5.4"]
[White "Koridze, Lile"]
[Black "Dubovyk, Anastasiia"]
[Result "1-0"]
[WhiteElo "2016"]
[BlackElo "1971"]
[Annotator "TA"]
[PlyCount "117"]
[EventDate "2020.12.19"]
[EventType "team-tourn"]
[EventCountry "NET"]
[SourceTitle "playchess.com"]
[Source "ChessBase"]
[SourceQuality "1"]

{[%evp 20,117,25,31,48,27,30,-15,72,68,72,51,58,59,90,89,134,8,29,0,0,-17,335,341,340,323,314,330,29972,345,341,318,347,280,256,233,251,260,250,222,293,258,260,262,262,250,251,251,308,294,317,316,333,331,329,327,325,324,361,356,360,349,343,291,326,223,218,204,178,0,83,18,28,8,323,60,266,121,449,149,410,412,939,872,29994,29995,29995,29983,29983,29984,29983,29982,29988,29985,29985,29986,29986,29987,29987,29985]} 1. d4 Nf6 2. c4 g6 3. Nc3 Bg7 4. e4 d6 5. Nf3 O-O 6. Be2 e5 7. O-O Nc6 8. Be3 Ng4 9. Bg5 f6 10. Bc1 f5 {The main line 10...f5 scores better than 10...Nh6.} 11. Bg5 Nf6 {E97: King's Indian: Classical Main Line (6...e5 7 0-0 Nc6): 8 Be3 and 8 d5 Ne7, not 9 Ne1.} 12. dxe5 dxe5 13. Nd5 {[#]} h6 $146 (13... fxe4 $11 14. Nd2 Qd7) ({Predecessor:} 13... f4 14. Qb3 Rf7 15. c5 Kf8 16. Bb5 Qe8 17. Nxf6 Bxf6 18. Bxf6 Rxf6 19. Qd5 Be6 20. Bxc6 bxc6 21. Qxe5 Qe7 22. Ng5 Kg7 23. Rfe1 Rb8 24. Rad1 f3 25. Nxf3 Rb5 26. Rc1 {1-0 (26) Apodaca Rayon,G-Gongora Montes,B (2313) Mexico City 2002}) 14. Nxf6+ $16 Bxf6 15. Bxh6 Re8 16. exf5 gxf5 17. Qc1 f4 18. Qc2 (18. Re1 $1 $16) 18... e4 $11 19. Bxf4 {Threatens to win with Nd2.} exf3 20. Bxf3 Nd4 $2 {[%mdl 8192]} (20... Be6 $11 {and Black has nothing to worry.}) 21. Qg6+ $18 Bg7 22. Bd5+ Be6 {[#] ...Ne2+ is the strong threat.} 23. Be5 $1 {[%csl Ge5][%cal Rg6g7][%mdl 512]} Ne2+ 24. Kh1 {[%csl Ge5][%cal Rg6g7]} Qd7 25. Bxg7 {White threatens Be5+ and mate.} ({Resist} 25. Bxb7 $6 Qf7 $18) 25... Qf7 26. Qxf7+ Kxf7 27. Bc3 Bxd5 28. cxd5 Rad8 29. Rad1 Nf4 30. g3 Nxd5 31. Rd3 Re2 32. Rf3+ Kg6 33. Rd1 c6 34. Rd4 Rde8 35. Bd2 R8e4 36. Rxe4 Rxe4 {[%mdl 4096] Endgame KRB-KRN} 37. Kg2 Rc4 38. Bc3 b5 39. a3 c5 40. Rd3 Nxc3 41. bxc3 {KR-KR} ({But not} 41. Rxc3 Rxc3 42. bxc3 a5 $18) 41... a5 42. Kf3 Ra4 43. Rd6+ Kf7 44. Rc6 $2 (44. Rb6 $18) 44... Rc4 (44... Rxa3 $11 {keeps the balance.} 45. Rxc5 b4) 45. g4 ({White should try} 45. h4 $16) 45... Rxc3+ $11 46. Kf4 {White wants to play h4.} c4 $2 {[%mdl 8192]} (46... b4 $1 $11) 47. Rb6 $2 (47. g5 $18) 47... Rb3 $2 (47... Rxa3 $14 48. Rxb5 c3) 48. g5 $1 $18 c3 $2 {[%mdl 8192]} (48... Rxa3 $16 {is a better chance.} 49. Rxb5 a4) 49. Rc6 $2 (49. g6+ $1 $18 {and the rest is easy.} Ke7 50. Ke5) 49... Rxa3 $2 {[%mdl 8192] [#]} (49... Ke7 $16 {is a better defense.}) 50. g6+ $1 Kg7 {[#]} (50... Ke7 $142) 51. Kg5 $1 {White wants to mate with Rc7+.} Ra1 52. Rc7+ {White mates.} Kf8 53. Kf6 {[%cal Rc7c8]} Ke8 54. g7 {[%cal Rg7g8]} Rg1 55. Rxc3 Rg2 56. Rc8+ Kd7 57. g8=Q Rxg8 58. Rxg8 a4 59. Rb8 {Weighted Error Value: White=0.35/Black=0.85} 1-0

[Event "EWCCC Online Preliminary-D 2020"]
[Site "Online"]
[Date "2020.12.19"]
[Round "5.4"]
[White "Tsirulnik, Anna"]
[Black "Lomaia, Diana"]
[Result "0-1"]
[WhiteElo "1854"]
[BlackElo "1946"]
[Annotator "TA"]
[PlyCount "112"]
[EventDate "2020.12.19"]
[EventType "team-tourn"]
[EventCountry "NET"]
[SourceTitle "playchess.com"]
[Source "ChessBase"]
[SourceQuality "1"]

{[%evp 22,112,0,0,46,0,0,0,43,0,43,30,33,33,32,37,38,-36,71,-69,-58,-72,-70,-113,-63,-106,-56,-230,-230,-609,-626,-572,-227,-246,-247,-298,-60,-185,-138,-795,-461,-426,-132,-135,-139,-132,-124,-345,-304,-401,-393,-582,-591,-581,-435,-590,-589,-552,-539,-546,-541,-539,-535,-522,-478,-506,-393,-576,-529,-603,-529,-592,-530,-497,-507,-660,-647,-679,-669,-614,-667,-1029,-997,-972,-953,-927,-925,-1025,-1007,-1004,-982,-29984,-29984]} 1. d4 d5 2. c4 dxc4 3. Nf3 Nf6 4. e3 e6 5. Bxc4 c5 6. O-O a6 7. a4 Nc6 8. Nc3 Be7 9. dxc5 Qc7 10. Qe2 Bxc5 11. e4 Ng4 12. g3 Nge5 {D27: Queen's Gambit Accepted: Classical main line: 7 e4!? and 7 a4.} (12... O-O {is interesting.} 13. Kg2 Bd7 14. h3 Nge5 15. Bf4 f6) 13. Bf4 {[#]} Nxf3+ $146 ({Predecessor:} 13... O-O 14. Kg2 Bd6 15. Nxe5 Nxe5 16. Ba2 b6 17. Rac1 Qe7 18. Rfd1 Bb7 19. Qh5 f6 20. Rd2 Nf7 21. Rcd1 Rad8 22. Be3 Bc7 23. Kg1 Rxd2 24. Rxd2 Rd8 25. Rxd8+ Nxd8 26. Qd1 {½-½ (26) Digernes,M (2017)-Sgircea,S (2275) Kragero 2020}) 14. Qxf3 Qe7 {The position is equal.} 15. Rfd1 O-O (15... g5 $5 {[%cal Rg5f4]} 16. Be3 Ne5 $11) 16. e5 Bd4 17. Qe4 Qc5 18. Bd3 {[%csl Gd3][%cal Re4h7]} g6 19. Bh6 ({White should try} 19. Rac1 $14) 19... Re8 {[#]} (19... Bxf2+ $15 {stays ahead.} 20. Kg2 Bd4) 20. Kg2 (20. Qh4 $1 $16) 20... Bxe5 $15 21. Rac1 Qe7 22. f4 Bf6 23. h4 Bd7 {And now ...Nd4 would win.} 24. h5 $2 (24. Bg5 $1 $15) 24... Nd4 $19 {aiming for ...Bc6.} 25. Kh2 $2 (25. hxg6 $2 Bc6 $19) (25. Qe3) 25... Bc6 26. Qe3 Nf3+ $2 (26... Qc5 27. f5 exf5) 27. Kh3 Bd4 (27... gxh5 28. Be4 $11 (28. Be2 Bxc3 29. Rxc3 Qf6 $15)) 28. Qe2 e5 $2 ({Not} 28... gxh5 29. Be4 $17) ({Better is} 28... Qc5 $19 29. Bg5 Nxg5+ 30. fxg5 Qxg5) 29. hxg6 ({White should play} 29. Ne4 $15) 29... hxg6 30. f5 $2 {[%mdl 8192]} (30. Ne4 $17 Kh7 31. Qxf3 Kxh6 32. f5 gxf5 {[#]} 33. Rxc6+ $1 {[%mdl 512]} bxc6 34. Qxf5) 30... Ng5+ 31. Kh2 Bf3 $2 (31... Qf6 $19 {is more deadly.} 32. Bxg5 Qxg5) 32. Bxg5 $17 Bxe2 33. Bxe7 Bxd1 34. f6 $2 (34. Rxd1 $17 Bxc3 35. Bg5) 34... Bxc3 35. Rxc3 Rac8 36. a5 (36. Ra3 {was worth a try.}) 36... Rxc3 $19 37. bxc3 {[%mdl 4096] Endgame KRB-KB} Rc8 38. Bb4 Bf3 39. Kg1 Rc6 40. Kf2 e4 41. Bc2 Rxf6 {Hoping for ...Bd1+.} 42. Ke3 Re6 43. Bc5 Kg7 44. Bd4+ (44. Bb3 $142 Rc6 45. Bd4+ f6 46. Bd5) 44... f6 45. Bb3 Re7 46. Bc5 Rc7 47. Bd4 Rd7 48. Bc2 Re7 49. Bc5 Re5 50. Bb6 g5 51. g4 Bxg4 52. Bd4 Re8 53. Ba4 Re7 54. Bc5 Re5 55. Bb6 Kg6 56. Be8+ Rxe8 {Weighted Error Value: White=0.77/Black=0.68} 0-1